INDIAN PREMIER LEAGUE - Statistics

General Stats
  • This quiz has been taken 8 times
  • The average score is 4 of 10
Answer Stats
No. of Fours Name of Batsmen % Correct
540 Virat Kohli
100%
525 David Warner
63%
487 Rohit Sharma
50%
649 Shikhar Dhawan
50%
506 Suresh Raina
38%
409 ABD
25%
405 Chris Gayle
25%
491 Gautam Gambhir
13%
417 Ajinkya Rahane
0%
455 Robin Uthappa
0%
No matching quizzes found
Score Distribution
Percent of People with Each Score
Percentile by Number Answered
Your Score History
You have not taken this quiz